[Event "Penang op 15th"]
[Site "Penang"]
[Date "2023.12.19"]
[Round "3"]
[White "Tee, Yi Siang Isaac Jens"]
[Black "Cheng, Chao Xin"]
[Result "0-1"]
[WhiteElo "1328"]
[BlackElo "1775"]
[PlyCount "58"]
[EventDate "2023.12.18"]
[EventType "swiss"]
[EventRounds "9"]
[EventCountry "MAS"]
[SourceTitle "CB52_2023"]
[SourceDate "2023.12.27"]
[SourceVersion "1"]
[SourceVersionDate "2023.12.27"]
[SourceQuality "1"]

1. c4 e5 2. g3 g6 3. Bg2 Bg7 4. Nc3 Nc6 5. d3 d6 6. Nf3 Nge7 7. 0-0 0-0 8. Bd2 h6 9. Rb1 Nd4 10. b4 Nxf3+ 11. Bxf3 c6 12. b5 d5 13. bxc6 bxc6 14. cxd5 cxd5 15. e3 Be6 16. Ne2 Qd7 17. Nc1 Rac8 18. Nb3 Qa4 19. Nc1 Qa6 20. Bb4 Rfe8 21. a3 f5 22. Nb3 Bf7 23. d4 Qf6 24. Qd2 Nc6 25. Bc5 Bf8 26. dxe5 Nxe5 27. Bxd5 Bxc5 28. Bxf7+ Qxf7 29. Nxc5 Nf3+ 0-1

[Event "World ol U16"]
[Site "Eindhoven"]
[Date "2023.08.16"]
[Round "6.12"]
[White "Cheng, Chao Xin"]
[Black "Pool, Linda Maria"]
[Result "1/2-1/2"]
[WhiteElo "1775"]
[BlackElo "1425"]
[PlyCount "134"]
[EventDate "2023.08.13"]
[EventType "team-swiss"]
[EventRounds "9"]
[EventCountry "NED"]
[SourceTitle "CBM 215 Extra"]
[Source "ChessBase"]
[SourceDate "2023.09.30"]
[SourceVersion "1"]
[SourceVersionDate "2023.09.30"]
[SourceQuality "1"]
[WhiteTeam "Australia"]
[BlackTeam "Estonia"]
[WhiteTeamCountry "AUS"]
[BlackTeamCountry "EST"]

1. e4 e6 2. d4 d5 3. e5 c5 4. c3 Nc6 5. Nf3 Bd7 6. a3 f6 7. b4 c4 8. exf6 Nxf6 9. Bg5 Be7 10. Nbd2 0-0 11. Be2 Qc7 12. 0-0 Bd6 13. Qc2 e5 14. dxe5 Nxe5 15. Nxe5 Bxe5 16. Nf3 Bf4 17. Bxf4 Qxf4 18. a4 Rae8 19. Rfd1 a6 20. Rd4 Re4 21. Qd2 Qxd2 22. Rxd2 Rfe8 23. Bf1 h6 24. h3 Kf7 25. Rb2 Rf4 26. Nd4 Ne4 27. g3 Rf6 28. Rc2 Rg6 29. Bg2 Rf6 30. g4 g5 31. Bxe4 Rxe4 32. Kg2 h5 33. Nf3 Kg6 34. gxh5+ Kxh5 35. Rd2 Bxh3+ 36. Kxh3 Rxf3+ 37. Kg2 Rxc3 38. Rxd5 Rg4+ 39. Kf1 Rb3 40. b5 c3 41. Rc5 Rh4 42. Kg2 Rg4+ 43. Kf1 Rh4 44. Ke2 axb5 45. axb5 Rb2+ 46. Ke3 Rh3+ 47. f3 c2 48. Rc1 Rb3+ 49. Ke4 Rb4+ 50. Ke3 Rb3+ 51. Kd4 Rbxf3 52. R1xc2 Rf4+ 53. Ke5 Re3+ 54. Kd6 Kh4 55. Rh2+ Kg3 56. Rd2 g4 57. Rc7 Rf2 58. Rd4 Rf4 59. Rxf4 Kxf4 60. Rxb7 g3 61. Rg7 Kf3 62. b6 Rb3 63. Kc7 Rc3+ 64. Kd7 Rb3 65. Kc7 Rc3+ 66. Kd7 Rd3+ 67. Kc8 Rc3+ 1/2-1/2

[Event "World ol U16"]
[Site "Eindhoven"]
[Date "2023.08.15"]
[Round "5.20"]
[White "Bouzana, Christina"]
[Black "Cheng, Chao Xin"]
[Result "0-1"]
[WhiteElo "1151"]
[BlackElo "1775"]
[PlyCount "86"]
[EventDate "2023.08.13"]
[EventType "team-swiss"]
[EventRounds "9"]
[EventCountry "NED"]
[SourceTitle "CBM 215 Extra"]
[Source "ChessBase"]
[SourceDate "2023.09.30"]
[SourceVersion "1"]
[SourceVersionDate "2023.09.30"]
[SourceQuality "1"]
[WhiteTeam "Cyprus"]
[BlackTeam "Australia"]
[WhiteTeamCountry "CYP"]
[BlackTeamCountry "AUS"]

1. d4 d5 2. c4 e6 3. Nc3 Nf6 4. cxd5 exd5 5. Bg5 c6 6. e3 h6 7. Bh4 Be7 8. Bd3 Nbd7 9. Qc2 a5 10. Nf3 0-0 11. 0-0 Re8 12. a3 Ne4 13. Bxe7 Qxe7 14. Rab1 Nf8 15. h3 Ng6 16. b4 axb4 17. axb4 Ra3 18. Bxe4 dxe4 19. Nd2 f5 20. Nc4 Ra7 21. Na5 Nh4 22. Ne2 Be6 23. Qc5 Qg5 24. Ng3 Rea8 25. Qe5 Bd5 26. Rfc1 Kh7 27. Kf1 Rf8 28. Qf4 Qe7 29. Ne2 g5 30. Qh2 Qf7 31. Nc4 Bxc4 32. Rxc4 Qxc4 33. Rc1 Qd5 34. Qc7+ Rf7 35. Qb6 Ra8 36. Nc3 Qc4+ 37. Ne2 Qb5 38. Qxb5 cxb5 39. Kg1 f4 40. Rc5 fxe3 41. fxe3 Ra1+ 42. Kh2 Ra2 43. Ng3 Rxg2+ 0-1